00512cam a22001577a 4500008004000000082001200040100001900052245007300071260002800144300001000172650002800182650001600210650002600226999001900252952008300271180718b1978 xxu||||| |||| 00| 0 eng d aB3 P442 aPeters, B. Buy aPolitics of Bureaucracy: a comparative perspectivecby B. Buy Peters aNew YorkbLongmanc1978 a246p. aComparative government. aBureaucracy aPublic administration c350968d350968 00104070aIIPAbIIPAd1993-11-10oB3 P442p53801r2018-07-21w2018-07-21yBK